00750nam a22002177a 450000500170000001000150001702000230003202000260005503500130008103700130009408200110010724501170011826000280023527000130026330000270027650000190030370000320032294200250035499900170037995201360039620100814142631.0 aENG-100412 a1905422636c950.00 a9781905422630c950.00 aEN-83945 bDBAD/PUB a954.01 aA frank friendship :bGandhi and Bengal : a descriptive chronology /ccompiled and edited by Gopalkrishna Gandhi aCalcuttabSeagull Books bCalcutta axxii, 594p.c24cm (Hb) aIncluded index aGandhi, Gopalkrishna913416 2ddccENh954.01mFRA c41920d41920 001040718NFICaDBADbDBADd2010-08-14eDBAD/PUBg950.00l0o954.01 FRApEN-83945r2010-08-14 00:00:00t1v950.00w2010-08-14yEN